Ilangai Muslim Thalaiwargal (Muslim Leaders of Sri Lanka) (Record no. 1376)

MARC details
000 -LEADER
fixed length control field 004700000a22001570004500
003 - CONTROL NUMBER IDENTIFIER
control field LK-CoMWRAF
008 - FIXED-LENGTH DATA ELEMENTS--GENERAL INFORMATION
fixed length control field 230817t ||||| |||| 00| 0 eng d
040 ## - CATALOGING SOURCE
Original cataloging agency LK-CoMWRAF
Modifying agency LK-CoMWRAF
Description conventions LK-CoMWRAF
041 ## - LANGUAGE CODE
Language code of text/sound track or separate title English
082 ## - DEWEY DECIMAL CLASSIFICATION NUMBER
Classification number 910
Item number AMI
942 ## - ADDED ENTRY ELEMENTS (KOHA)
Koha item type Books
100 ## - MAIN ENTRY--PERSONAL NAME
Personal name Amin, A.R.A.Noor
245 ## - TITLE STATEMENT
Title Ilangai Muslim Thalaiwargal (Muslim Leaders of Sri Lanka)
Remainder of title A.M.A.Azeez
260 ## - PUBLICATION, DISTRIBUTION, ETC. (IMPRINT)
Name of publisher, distributor, etc. Bureau of Publications (S.M.Kamaldeen)
Place of publication, distribution, etc. Colombo 09 (Sri Lanka)
Date of publication, distribution, etc. 1978
300 ## - PHYSICAL DESCRIPTION
Extent p.22
Holdings
Withdrawn status Lost status Damaged status Not for loan Permanent Location Current Location Date acquired Full call number Barcode Koha item type
        Resource center, Muslim Women's Research And Action Forum Resource center, Muslim Women's Research And Action Forum 2023-08-17 910 AMI 0002857 Books

Copyright © 2023 Muslim Women's Research and Action Forum (MWRAF), No 27/3, Anderson Road, Kalubowila, Dehiwela. Funded by The Asia Fundation